Journal of Official Statistics <The> Journal of Statistics Sweden

Gespeichert in:
Bibliographische Detailangaben
Format: Schriftenreihe
Sprache:Englisch
Veröffentlicht: Warsaw De Gruyter
Tags: Tag hinzufügen
Keine Tags, Fügen Sie das erste Tag hinzu!

MARC

LEADER 00000nls a2200000 4500
001 0253592
005 20250701092116.6
022 |a 2001-7367 
022 |a 0282-423X 
041 0 |a eng 
044 |a PL 
245 1 0 |a Journal of Official Statistics  |b <The> Journal of Statistics Sweden 
264 1 |a Warsaw  |b De Gruyter